000 00576cam a22002053a 4500
001 40006
003 PGUSA
005 20140828083906.0
008 120616s2012||||xxu|||||s|||||000 | eng d
040 _aPGUSA
_beng
042 _adc
100 1 _aWallace, Ellen
245 1 0 _aMargaret Capel, vol. 1 of 3 :
_bA Novel
_h[electronic resource] /
_cEllen Wallace
260 _bProject Gutenberg,
_c2012
506 _aPublic domain in the USA.
516 _aElectronic text
830 0 _aProject Gutenberg
_v40006
856 4 0 _uhttp://www.gutenberg.org/ebooks/40006
942 _cEB
999 _c269259
_d269259